000
003310000a22001450004500
001
10993
041
0
_a
SPA
082
0
4
_a
G 862 F954t
100
1
_a
Fuentes, Carlos
245
1
0
_a
Todos los gatos son pardos / Carlos Fuentes
250
_a
7
260
_a
México, D.F., México : Siglo Veintiuno
300
_a
187 Pag
942
_c
BK
999
_c
40368
_d
40368